00378nam a2200145Ia 4500003000400000008004100004040001600045082001300061100002000074245005600094260004000150300000900190650002300199650001000222GCL140319s9999 xx 000 0 eng d aGCL / cGCL04a822bB T1 aBECKELT, SAMUEL10aALL THAT FALL: A PLAY FOR RADIO / cBECKELT, SAMUEL a[S.N] : bFaber and Faber ، c1993 a41 P04aENGLISH LITERATURE04aDRAMA